000 00653nam a22001817a 4500
003 UA-OsUOA
001 18175
007 ta
008 20040422b un ||||| |||| 00| 0 ukr d
100 _aНебаба М.
942 _cSA
040 _aUA-OsUOA
_cUA-OsUOA
_dUA-OsUOA
245 _aФеєрія вічного балу
_b[У Здолбунів. будинку культури цементників відбулися змагання зі спорт. (бального ) танцю]
300 _aС.18
955 _a0
773 0 _w0
_tВільне слово
_dРівне
_d2004
_g№29/16 квіт./
650 7 _aКраєзнавча робота
_2UDC
999 _c304345
_d304345